Técnicas participativas para la educación popular
Guardado en:
| Hovedforfatter: | |
|---|---|
| Format: | Texto |
| Sprog: | Spanish |
| Udgivet: |
San Jose:
Alforja
|
| Fag: | |
| Tags: |
Tilføj Tag
Ingen Tags, Vær først til at tagge denne postø!
|
MARC
| LEADER | 00000 a a2200000 04500 | ||
|---|---|---|---|
| 001 | 33805 | ||
| 003 | cru CIDCACS/IIS | ||
| 005 | 20200925161403.0 | ||
| 008 | 170803b1993 cr ||||| |||| 00| 0 spa d | ||
| 999 | |c 19535 |d 19535 | ||
| 020 | |a 9977926026 | ||
| 040 | |c CRAI/IIS |a CRAI/IIS | ||
| 090 | |a 06.03.04 V297te T.2 | ||
| 100 | |a Vargas Vargas, Laura | ||
| 245 | |a Técnicas participativas para la educación popular | ||
| 260 | |a San Jose: |b Alforja | ||
| 300 | |a paginación irregular,Tomo1 | ||
| 300 | |b il. | ||
| 500 | |a Existe una nueva edición del 2011 dividida por dos tomos | ||
| 650 | |a EDUCACION POPULAR | ||
| 650 | |a EDUCACION COMUNITARIA | ||
| 650 | |a PARTICIPACION SOCIAL | ||
| 650 | |a DINAMICA DE GRUPOS | ||
| 650 | |a MANUALES | ||
| 942 | |2 ddc |c LI |i 00395 |h 06.03.04 V297te T.2 |6 060304_V297TE_T2_00395 | ||



